Στοιχεία θεωρίας αριθμών

Αποθηκεύτηκε σε:
Λεπτομέρειες βιβλιογραφικής εγγραφής
Κύριος συγγραφέας: Πολύζος, Γεώργιος
Μορφή: Βιβλίο
Γλώσσα:Greek
Δημοσίευση: Αθήνα : [χ.ό], 1980
Θέματα:
Ετικέτες: Προσθήκη ετικέτας
Δεν υπάρχουν, Καταχωρήστε ετικέτα πρώτοι!

MARC

LEADER 00000cam a2200000 i 4500
001 1/105143
008 090518s1980 gre d
035 |l 10104703 
040 |a GR-MY-UA  |b gre  |e aacr 
041 0 |a gre 
082 0 |a 512.7  |2 (22) 
100 1 |a Πολύζος, Γεώργιος. 
245 1 0 |a Στοιχεία θεωρίας αριθμών /  |c Γιώργου Χαρ. Πολύζου 
260 |a Αθήνα :   |b [χ.ό],   |c 1980 
300 |a 112 σ.;  |c 24 εκ. 
505 0 |a Θεωρία, παραδείγματα, ασκήσεις 
650 0 0 |a Number theory  |x Study and teaching (Higher) 
852 |a INST  |b SAMOS  |c MAG  |e 20090518  |h 512.7 ΠΟΛ  |p 005300028739  |q 005300028739  |t BK  |y 0 
901 |a BIBL3-2009-2 
909 |a Σ  |b 157919 
970 |a ΣΙΤΖΙΜΗ  |b ΓΙΑΣΕΜΗ  |z 2009/05/18